00000000nam##2200000za#4500
0019.648323
003CaOODSP
00520210615113034
007ta
008150407|2001||||xxc|||||     f|0| 0 eng|d
020 |a0-662-31007-1
040 |aCaOODSP|beng
043 |an-cn---
0861 |aE2-419/2001E
1101 |aCanada.|bForeign Affairs and International Trade. |bCanadian Centre for Foreign Policy Development.
24510|aCanadian corporate contributions to democratic development and citizen participation in developing countries : |brecommendations on identifying and supporting corporate efforts through Canadian foreign policy / |cby Darin Rovere.
260 |aOttawa - Ontario : |bForeign Affairs and International Trade. |c2001.
300 |a25p. in various pagings. ; |c28 cm.
5203 |aThe purpose of this report is to provide recommendations by which DFAIT and the Canadian Federal Government can act as a catalyst to encourage, support and reward further positive corporate sustainability efforts through enhancements to Canada’s foreign policy. The report also outlines basic findings regarding the positive role of Canadian companies in contributing to democratic development and citizen participation in developing countries through their commitment to sustainable development and stakeholder engagement in corporate decision-making.
563 |aSoftcover
590 |a02-34|b2002-08-23
69007|aCitizen participation|2gcpds
69007|aCorporations|2gcpds
69007|aForeign policy|2gcpds
69007|aPolicy development|2gcpds
7201 |aRovere, Darin
7760#|tCanadian corporate contributions to democratic development and citizen participation in developing countries : |w(CaOODSP)9.686243